Oaxaca (Record no. 10992)

MARC details
000 -CABECERA
campo de control de longitud fija 01065nam a22002897a 4500
001 - NÚMERO DE CONTROL
campo de control BRCA_9370
003 - IDENTIFICADOR DEL NÚMERO DE CONTROL
campo de control FranzMayer
005 - FECHA Y HORA DE LA ÚLTIMA TRANSACCIÓN
campo de control 20230918123555.0
008 - DATOS DE LONGITUD FIJA--INFORMACIÓN GENERAL
campo de control de longitud fija 230830b |||||||| |||| 00| 0 eng d
020 ## - NÚMERO INTERNACIONAL ESTÁNDAR DEL LIBRO
Número Internacional Estándar del Libro 9687074337
040 ## - FUENTE DE LA CATALOGACIÓN
Centro catalogador/agencia de origen MFM
Lengua de catalogación español
Centro/agencia transcriptor MFM
050 #0 - SIGNATURA TOPOGRÁFICA DE LA BIBLIOTECA DEL CONGRESO
Número de clasificación NK1136.M6
Número de documento/Ítem H67 1992
100 1# - ENTRADA PRINCIPAL--NOMBRE DE PERSONA
Código de función/relación Autor
Nombre de persona Hopkins, Barbara
9 (RLIN) 29377
240 ## - TÍTULO UNIFORME
Título uniforme Oaxaca
Medio Crafts and Sightseeing
Lenguaje de la obra Inglés
245 0# - MENCIÓN DE TÍTULO
Título Oaxaca
Resto del título Crafts and Sightseeing
260 ## - PUBLICACIÓN, DISTRIBUCIÓN, ETC.
Lugar de publicación, distribución, etc. Oaxaca, México
Nombre del editor, distribuidor, etc. Minutiae Mexicana
Fecha de publicación, distribución, etc. 1992
300 ## - DESCRIPCIÓN FÍSICA
Extensión 116 p
Otras características físicas Ilustraciones
Dimensiones 21 cm
500 ## - NOTA GENERAL
Nota general Anexo 1
505 ## - NOTA DE CONTENIDO CON FORMATO
Nota de contenido con formato Texto en: inglésIncluye índice temáticoDirigido a: artesanos, artistas y personas con interés en el arte mexicano
650 1# - PUNTO DE ACCESO ADICIONAL DE MATERIA--TÉRMINO DE MATERIA
Fuente del encabezamiento o término Artes decorativas
Término de materia o nombre geográfico como elemento de entrada Artes aplicativas
Subdivisión de forma Manualidades
9 (RLIN) 29378
651 2# - PUNTO DE ACCESO ADICIONAL DE MATERIA--NOMBRE GEOGRÁFICO
Fuente del encabezamiento o término Artes regionales
Nombre geográfico México
Subdivisión de forma Oaxaca
9 (RLIN) 29379
700 1# - PUNTO DE ACCESO ADICIONAL--NOMBRE DE PERSONA
Código de función/relación Dibujo
Nombre de persona Beltrán, Alberto
9 (RLIN) 29380
700 1# - PUNTO DE ACCESO ADICIONAL--NOMBRE DE PERSONA
Código de función/relación Fot.
Nombre de persona Moreno Enríquez, María de los Angeles
9 (RLIN) 29381
700 1# - PUNTO DE ACCESO ADICIONAL--NOMBRE DE PERSONA
Código de función/relación Fot.
Nombre de persona Estage Noel, Cayuqui
9 (RLIN) 29382
700 1# - PUNTO DE ACCESO ADICIONAL--NOMBRE DE PERSONA
Código de función/relación Fot.
Nombre de persona V. Stenzel, Anne
9 (RLIN) 29383
942 ## - ELEMENTOS DE PUNTO DE ACCESO ADICIONAL (KOHA)
Fuente del sistema de clasificación o colocación Library of Congress Classification
Tipo de ítem Koha Libros
Holdings
Estado de retiro Estado de pérdida Fuente del sistema de clasificación o colocación Estado dañado No para préstamo Código de colección Localización permanente Ubicación/localización actual Fecha de adquisición Total de préstamos Signatura topográfica completa Código de barras Fecha visto por última vez Precio válido a partir de Tipo de ítem Koha
El ejemplar forma parte de la colección y puede ser consultado según las políticas vigentes.   Library of Congress Classification     Fondo Contemporáneo Biblioteca del Museo Franz Mayer (Rogerio Casas-Alatriste) Biblioteca del Museo Franz Mayer (Rogerio Casas-Alatriste) 30/08/2023   NK1136.M6 H67 1992 CONT10138 30/08/2023 30/08/2023 Libros